| 000 | 00532nam a2200193Ia 4500 | ||
|---|---|---|---|
| 005 | 20260114182704.0 | ||
| 008 | 008 260114s9999 xx 000 0 eng d | ||
| 020 | _a9781433832062 | ||
| 037 | _aEBOOK | ||
| 040 |
_aCRL _beng _cCRL |
||
| 041 |
_aeng _2eng |
||
| 084 | _qCRL | ||
| 100 |
_aKennison, Shelia M. _9871049 |
||
| 245 | 0 | _aCognitive neuroscience of humor., The. | |
| 260 |
_bAPA _c2020 |
||
| 650 |
_aNeuropsychology & Neurology _9871050 |
||
| 856 | _uhttps://psycnet.apa.org/PsycBOOKS/toc/16170 | ||
| 942 | _cEBOOK | ||
| 999 |
_c1470135 _d1470135 |
||